000 00957nam a2200229Ia 4500
001 839.8-EDD (16941)
003 IT-MiSPE
008 171229s9999||||xx |||||||||||||| ||und||
040 _aIT-MiSPE
_cIT-MiSPE
041 _aITALIANO
100 _aGianna Chiesa Isnardi
240 _aSnorra Edda
245 0 _aEdda di Snorri
250 _a3a ed.
260 _aMilano
_bRusconi
_c1988
300 _a241 p.
_c22 cm
501 _aEdizioni San Paolo srl - Piazza Soncino, 5 - 20092 CINISELLO BALSAMO (MI) (non commercial uses only) ® Copyright 2018
700 _aGianna Chiesa Isnardi
_g(traduzione)
942 _cBK
957 _71
999 _a3324
_bNO
_g Copie: 1
_c353301
_d353301